[Event "New York 1000 GM Spring GM-B"]
[Site "New York"]
[Date "2024.03.28"]
[Round "3"]
[White "Paragua, Mark"]
[Black "Luo, Terry"]
[Result "1/2-1/2"]
[WhiteElo "2451"]
[BlackElo "2333"]
[PlyCount "31"]
[EventDate "2024.03.27"]
[EventType "tourn"]
[EventRounds "9"]
[EventCountry "USA"]
[EventCategory "6"]
[SourceTitle "CB14_2024"]
[SourceDate "2024.04.01"]
[SourceVersion "1"]
[SourceVersionDate "2024.04.01"]
[SourceQuality "1"]

1. d4 Nf6 2. Nf3 d5 3. c4 e6 4. g3 Bb4+ 5. Bd2 Be7 6. Bg2 0-0 7. 0-0 c6 8. Qc2 b6 9. Bf4 Bb7 10. Rd1 Nbd7 11. Nc3 dxc4 12. Nd2 Nd5 13. Nxc4 Nxf4 14. gxf4 Qc7 15. e3 Nf6 16. Rac1 1/2-1/2

[Event "New York President's Day GM-A"]
[Site "New York"]
[Date "2024.02.18"]
[Round "6"]
[White "Paragua, Mark"]
[Black "Yu, Jiangwei"]
[Result "1-0"]
[WhiteElo "2448"]
[BlackElo "2300"]
[PlyCount "99"]
[EventDate "2024.02.15"]
[EventType "tourn"]
[EventRounds "9"]
[EventCountry "USA"]
[EventCategory "6"]
[SourceTitle "CB08_2024"]
[SourceDate "2024.02.21"]
[SourceVersion "1"]
[SourceVersionDate "2024.02.21"]
[SourceQuality "1"]

1. c4 c6 2. e4 d5 3. exd5 cxd5 4. cxd5 Nf6 5. Nc3 Nxd5 6. Nf3 Nc6 7. Bc4 e6 8. 0-0 Be7 9. d4 0-0 10. Re1 b6 11. a3 Nf6 12. d5 exd5 13. Nxd5 Nxd5 14. Qxd5 Bb7 15. Qh5 Na5 16. Ba2 Bxf3 17. Qxf3 Bf6 18. Rb1 Rc8 19. Bf4 Bd4 20. Rbd1 Qf6 21. b4 Nc6 22. Qe4 Rfd8 23. Rd3 Qg6 24. b5 Qxe4 25. Rxe4 Bc5 26. Rxd8+ Rxd8 27. Kf1 Nd4 28. Bg5 Rf8 29. a4 Ne6 30. Be3 Bxe3 31. Rxe3 Rd8 32. Bxe6 fxe6 33. Rc3 Rd7 34. Ke2 Kf7 35. Ke3 Kf6 36. h4 h5 37. Rc8 Ke5 38. g3 Kf6 39. f3 g6 40. Ke4 Rb7 41. g4 hxg4 42. fxg4 a6 43. g5+ Kg7 44. Ke5 axb5 45. axb5 Rf7 46. Kxe6 Rf4 47. Rc7+ Kg8 48. Rb7 Rxh4 49. Kf6 Rb4 50. Kxg6 1-0

[Event "New York Marshall Labor Day GM"]
[Site "New York"]
[Date "2023.09.03"]
[Round "7"]
[White "Paragua, Mark"]
[Black "Ilhomzoda, I."]
[Result "1/2-1/2"]
[WhiteElo "2433"]
[BlackElo "2269"]
[PlyCount "20"]
[EventDate "2023.08.31"]
[EventType "tourn"]
[EventRounds "9"]
[EventCountry "USA"]
[EventCategory "6"]
[SourceTitle "EXT 2024"]
[Source "ChessBase"]
[SourceDate "2023.10.10"]
[SourceVersion "1"]
[SourceVersionDate "2023.10.10"]
[SourceQuality "1"]

1. c4 c5 2. Nc3 g6 3. g3 Bg7 4. Bg2 Nc6 5. d3 e5 6. Nf3 d6 7. 0-0 Nge7 8. Ne1 0-0 9. Nc2 Rb8 10. Rb1 Be6 1/2-1/2

[Event "New York Marshall Labor Day GM"]
[Site "New York"]
[Date "2023.09.02"]
[Round "4"]
[White "Chen, Justin"]
[Black "Paragua, Mark"]
[Result "1/2-1/2"]
[WhiteElo "2376"]
[BlackElo "2433"]
[PlyCount "43"]
[EventDate "2023.08.31"]
[EventType "tourn"]
[EventRounds "9"]
[EventCountry "USA"]
[EventCategory "6"]
[SourceTitle "EXT 2024"]
[Source "ChessBase"]
[SourceDate "2023.10.10"]
[SourceVersion "1"]
[SourceVersionDate "2023.10.10"]
[SourceQuality "1"]

1. d4 d5 2. c4 c6 3. Nf3 Nf6 4. e3 e6 5. Nc3 Nbd7 6. Qc2 Bd6 7. b3 0-0 8. Be2 e5 9. cxd5 cxd5 10. Nb5 Bb4+ 11. Bd2 Bxd2+ 12. Nxd2 a6 13. dxe5 Nxe5 14. Nd4 Bg4 15. Bxg4 Nfxg4 16. 0-0 Rc8 17. Qf5 Re8 18. N2f3 g6 19. Qf4 Qc7 20. Nxe5 Nxe5 21. Rad1 Qa5 22. a4 1/2-1/2

[Event "New York Summer 1000 GM IM-B"]
[Site "New York"]
[Date "2023.07.07"]
[Round "3.1"]
[White "Adewumi, Tanitoluwa"]
[Black "Paragua, Mark"]
[Result "1-0"]
[WhiteElo "2276"]
[BlackElo "2438"]
[PlyCount "109"]
[EventDate "2023.07.06"]
[EventType "schev"]
[EventRounds "9"]
[EventCountry "USA"]
[SourceTitle "CBM 215 Extra"]
[Source "ChessBase"]
[SourceDate "2023.09.30"]
[SourceVersion "1"]
[SourceVersionDate "2023.09.30"]
[SourceQuality "1"]
[WhiteTeam "Team D"]
[BlackTeam "Team A"]
[WhiteTeamCountry "USA"]
[BlackTeamCountry "USA"]

1. e4 c5 2. Nf3 d6 3. Bb5+ Nd7 4. a4 Ngf6 5. Nc3 g6 6. 0-0 Bg7 7. a5 0-0 8. a6 bxa6 9. Bxa6 Bxa6 10. Rxa6 c4 11. Qe2 Qc7 12. d4 cxd3 13. cxd3 Nc5 14. Ra2 Qb7 15. h3 Rfc8 16. Be3 e6 17. Nd2 Qc6 18. Rfa1 a6 19. Ra5 Nb7 20. R5a3 Nc5 21. Ra5 Nb7 22. R5a3 Nc5 23. R1a2 Rab8 24. Ra5 Rd8 25. e5 Nd5 26. exd6 Nxe3 27. Qxe3 Rbc8 28. Nde4 Nxe4 29. Rxa6 Qb7 30. Nxe4 Qb3 31. Ra7 Be5 32. Ra1 Qxb2 33. Qg5 Bd4 34. Qh4 h6 35. Kh2 Be5+ 36. g3 Bxd6 37. Qxh6 Qg7 38. Qxg7+ Kxg7 39. R1a6 Bb8 40. Rb7 Rc7 41. Rab6 Ba7 42. Rxc7 Bxb6 43. Rb7 Ba5 44. Ng5 Kg8 45. Nxf7 Rxd3 46. Nh6+ Kh8 47. Re7 Bb6 48. Ng4 Bd4 49. Rxe6 Kg7 50. Re7+ Kf8 51. Rd7 Rd2 52. Kg2 Bc3 53. Rxd2 Bxd2 54. f4 Kg7 55. Kf3 1-0

[Event "World op 51st"]
[Site "Philadelphia"]
[Date "2023.07.04"]
[Round "9"]
[White "Andriasian, Zaven"]
[Black "Paragua, Mark"]
[Result "1/2-1/2"]
[WhiteElo "2579"]
[BlackElo "2447"]
[PlyCount "70"]
[EventDate "2023.06.30"]
[EventType "swiss"]
[EventRounds "9"]
[EventCountry "USA"]
[SourceTitle "CBM 215 Extra"]
[Source "ChessBase"]
[SourceDate "2023.09.30"]
[SourceVersion "1"]
[SourceVersionDate "2023.09.30"]
[SourceQuality "1"]

1. e4 c5 2. Nf3 d6 3. d4 cxd4 4. Nxd4 Nf6 5. Nc3 a6 6. h3 e5 7. Nb3 Be7 8. g4 h6 9. Be3 b5 10. a4 bxa4 11. Rxa4 Bd7 12. Ra5 0-0 13. Bg2 Nc6 14. Ra1 a5 15. 0-0 Nb4 16. Na4 Rb8 17. Nc3 Ra8 18. Na4 Rb8 19. c3 Nd3 20. Nd2 Nxb2 21. Nxb2 Rxb2 22. Nc4 Rb8 23. Nxa5 Ra8 24. Nb3 Ba4 25. Rb1 Rb8 26. c4 Nd7 27. Qd3 Bg5 28. Bxg5 hxg5 29. Nd2 Nc5 30. Qe3 Qe7 31. Nf3 Ne6 32. Qa3 Nc5 33. Qe3 Ne6 34. Qa3 Nc5 35. Qe3 Ne6 1/2-1/2

[Event "World op 51st"]
[Site "Philadelphia"]
[Date "2023.07.03"]
[Round "7"]
[White "Harutjunyan, Gevorg"]
[Black "Paragua, Mark"]
[Result "1/2-1/2"]
[WhiteElo "2347"]
[BlackElo "2447"]
[PlyCount "86"]
[EventDate "2023.06.30"]
[EventType "swiss"]
[EventRounds "9"]
[EventCountry "USA"]
[SourceTitle "CBM 215 Extra"]
[Source "ChessBase"]
[SourceDate "2023.09.30"]
[SourceVersion "1"]
[SourceVersionDate "2023.09.30"]
[SourceQuality "1"]

1. e4 c5 2. Nf3 d6 3. Bb5+ Bd7 4. c4 Nf6 5. Nc3 e6 6. 0-0 Be7 7. d4 cxd4 8. Nxd4 0-0 9. Qe2 a6 10. Bxd7 Nbxd7 11. b3 Rc8 12. Bb2 Ne5 13. f4 Nc6 14. Nxc6 Rxc6 15. e5 Nd7 16. exd6 Bf6 17. Rad1 Qb6+ 18. Kh1 Rxd6 19. Ne4 Rxd1 20. Rxd1 Bxb2 21. Rxd7 Ba3 22. Qd3 h6 23. h3 Qc6 24. Nf2 b5 25. Ng4 bxc4 26. bxc4 Bb2 27. Kh2 a5 28. Rd8 Qc7 29. Rxf8+ Kxf8 30. g3 h5 31. Ne5 g5 32. Qe2 Bxe5 33. fxe5 a4 34. h4 g4 35. Kg2 Qb7+ 36. Kf2 a3 37. Ke3 Qb6+ 38. Ke4 Qg1 39. Qd2 Ke8 40. Qd6 Qg2+ 41. Kd4 Qf2+ 42. Ke4 Qe2+ 43. Kd4 Qf2+ 1/2-1/2

[Event "Philadelphia op 16th"]
[Site "Philadelphia"]
[Date "2023.06.27"]
[Round "8"]
[White "Wang, Henry H"]
[Black "Paragua, Mark"]
[Result "1/2-1/2"]
[WhiteElo "2193"]
[BlackElo "2447"]
[PlyCount "72"]
[EventDate "2023.06.24"]
[EventType "swiss"]
[EventRounds "9"]
[EventCountry "USA"]
[SourceTitle "CBM 215 Extra"]
[Source "ChessBase"]
[SourceDate "2023.09.30"]
[SourceVersion "1"]
[SourceVersionDate "2023.09.30"]
[SourceQuality "1"]

1. d4 Nf6 2. Bf4 g6 3. Nf3 Bg7 4. c3 0-0 5. Nbd2 d6 6. e4 Nc6 7. Be2 Nh5 8. Be3 e5 9. 0-0 a6 10. Re1 Nf4 11. Bxf4 exf4 12. h3 h5 13. Bf1 Bd7 14. b4 Ne7 15. Qb3 b5 16. c4 Nc6 17. e5 dxe5 18. dxe5 Be6 19. Qc3 a5 20. a3 axb4 21. axb4 Rxa1 22. Rxa1 bxc4 23. Bxc4 Bxc4 24. Nxc4 Qd5 25. Re1 Re8 26. Kh2 Bf8 27. Rb1 Rb8 28. b5 Rxb5 29. Rxb5 Qxb5 30. e6 fxe6 31. Qd3 Ne7 32. Nfe5 Qd5 33. Qb1 f3 34. Qb8 Nc6 35. Qxc7 Nxe5 36. Nxe5 Bd6 1/2-1/2

[Event "Philadelphia op 16th"]
[Site "Philadelphia"]
[Date "2023.06.25"]
[Round "3"]
[White "Paragua, Mark"]
[Black "Puckett, Matthew"]
[Result "1-0"]
[WhiteElo "2447"]
[BlackElo "2120"]
[PlyCount "59"]
[EventDate "2023.06.24"]
[EventType "swiss"]
[EventRounds "9"]
[EventCountry "USA"]
[SourceTitle "CBM 215 Extra"]
[Source "ChessBase"]
[SourceDate "2023.09.30"]
[SourceVersion "1"]
[SourceVersionDate "2023.09.30"]
[SourceQuality "1"]

1. Nf3 c5 2. g3 Nc6 3. Bg2 e5 4. 0-0 g6 5. c4 Bg7 6. Nc3 Nge7 7. a3 0-0 8. Ne1 d6 9. Nc2 Be6 10. d3 d5 11. cxd5 Nxd5 12. Ne4 b6 13. Ng5 Bc8 14. Ne3 Nxe3 15. Bxe3 Bb7 16. Qa4 Qd7 17. b4 cxb4 18. axb4 a5 19. Rac1 Rfc8 20. bxa5 Rxa5 21. Qb3 Nd4 22. Bxd4 exd4 23. Bxb7 Rxc1 24. Rxc1 Rxg5 25. Qxb6 Rb5 26. Rc7 Rxb6 27. Rxd7 Be5 28. Bd5 Rf6 29. f4 Bd6 30. Bxf7+ 1-0

[Event "New York Spring IM-B"]
[Site "New York"]
[Date "2023.04.06"]
[Round "3.2"]
[White "Paragua, Mark"]
[Black "Tanenbaum, Zachary Chen"]
[Result "1-0"]
[WhiteElo "2442"]
[BlackElo "2261"]
[PlyCount "45"]
[EventDate "2023.04.05"]
[EventType "team-tourn"]
[EventRounds "9"]
[EventCountry "USA"]
[SourceTitle "CBM 213 Extra"]
[Source "ChessBase"]
[SourceDate "2023.05.31"]
[SourceVersion "1"]
[SourceVersionDate "2023.05.31"]
[SourceQuality "1"]
[WhiteTeam "Team 1"]
[BlackTeam "Team 4"]
[WhiteTeamCountry "USA"]
[BlackTeamCountry "USA"]

1. Nf3 d5 2. g3 Nf6 3. Bg2 c6 4. 0-0 Bf5 5. c4 e6 6. Qb3 Qb6 7. d3 Nbd7 8. cxd5 exd5 9. Qc2 h6 10. e4 dxe4 11. dxe4 Bh7 12. Nc3 Bd6 13. Qe2 Be7 14. e5 Nd5 15. e6 fxe6 16. Qxe6 Nc5 17. Qe5 Nxc3 18. bxc3 Ne4 19. Qh5+ g6 20. Qe5 Nf6 21. Ba3 c5 22. Rfe1 0-0 23. Qxe7 1-0